| 000 | 00894cab a2200265 4500 | ||
|---|---|---|---|
| 001 | ABS51120 | ||
| 008 | 090401t1994 xxu||||| |||| 00| 0 eng d | ||
| 035 | _a(Sirsi) u11334 | ||
| 041 | _aeng | ||
| 100 | _aDonovan, D. | ||
| 245 | _aProperty tax reform in the Netherlands | ||
| 260 | _c1994 | ||
| 350 | _a0 | ||
| 490 |
_aIRRV Journal _vJuly 1994, 160-162(3) |
||
| 520 | _aDescribes and evaluates the annual property tax system in the Netherlands, which is undergoing reform as local government is reorganised. Looks at factors such as structure, the capital value system, standard valuation date, procedure, and empty property. | ||
| 650 | _aEUROPE | ||
| 650 | _aLOCAL GOVERNMENT | ||
| 650 | _aNETHERLANDS | ||
| 650 | _aPROPERTY TAXS | ||
| 690 | _aOVERSEAS-EUROPE | ||
| 690 | _aPROPERTY LAW AND PRACTICE | ||
| 690 | _aRATING AND VALUATION | ||
| 942 | _n0 | ||
| 948 | _c04/03/1997 | ||
| 999 |
_c7214 _d7214 |
||